| 000 | 01060nam a2200253 a 4500 | ||
|---|---|---|---|
| 001 | 000017067 | ||
| 005 | 20250607073643.0 | ||
| 008 | 100317s1998 dr f000 0 spa d | ||
| 040 |
_aDO-SdBNP _bspa _cBNPHU |
||
| 082 |
_a618.92 _bR426n, 1998 |
||
| 110 | 1 |
_aRepública Dominicana. _b Secretaria de Estado de Salud Pública y Asistencia Social (2001) _956549 |
|
| 245 | 1 | 0 |
_aNormas nacionales para la vigilancia epidemiológica de la mortalidad infantil. / _cpresentación Altagracia Guzmán Marcelino. |
| 260 |
_aSanto Domingo : _bSESPAS, _c1998. |
||
| 300 |
_a85 p. : _bil. ; _c22 cm. |
||
| 490 | 1 |
_aNormas nacionales _v3 |
|
| 500 | _aIncluye referencias bibliográficas y notas al pie de las páginas | ||
| 504 | _aBibliografía : p. 49 | ||
| 590 | _aInventariado,2018/DG | ||
| 650 | 4 |
_aMortalidad infantil _zRepública Dominicana _vNORMAS _937653 |
|
| 650 | 4 |
_aSalud pública _xRepública dominicana _vNORMAS _937655 |
|
| 700 | 1 | 2 |
_aGuzmán Marcelino, Altagracia _937654 |
| 830 | 0 |
_aNormas nacionales _v3 _91411 |
|
| 910 | _aValidado. Control de calidad MFF | ||
| 999 |
_c16593 _d16593 |
||